000 00403pab a2200133 454500
008 180718b2005 xxu||||| |||| 00| 0 eng d
100 _aNarain, Denise Decaires
245 _aWriting `home': mediating between `the local' and `the literary' in a selection of postcolonial women's texts
260 _c2005
300 _ap.497-508.
650 _aWomen
773 _aThird World Quarterly
909 _a65313
999 _c65313
_d65313